Personnages de Kpop Demon Hunter - Statistiques

Statistiques générales
  • Ce quiz a été pris 72 fois
  • Le résultat moyen est 7 sur 13
Statistiques - réponses
Par images Réponse % Correct
Mira
98%
Rumi
98%
Jinu
90%
Zoey
88%
Baby Saja
65%
Bobby
58%
Celine
46%
Gwi-Ma
29%
Mystery Saja
23%
Romance Saja
23%
Abby Saja
21%
Healer Han
13%
Derpy Tiger
4%
Aucun quiz correspondant
Distribution des résultats
% des personnes avec chaque résultat
Percentile par nombre de réponses
Votre historique - résultats
Vous n’avez pas pris ce quiz